Catálogo

Nuevas claves para la docencia universitaria en el espacio europeo de educación superior / (Registro nro. 66066)

Detalles MARC
000 -LEADER
fixed length control field 00896nam a2200253 u 4500
001 - CONTROL NUMBER
control field 66066
005 - DATE AND TIME OF LATEST TRANSACTION
control field 20180714073652.0
008 - FIXED-LENGTH DATA ELEMENTS--GENERAL INFORMATION
fixed length control field 160905s2011 sp r 000 0 spa d
020 ## - INTERNATIONAL STANDARD BOOK NUMBER
International Standard Book Number 9788427715011
041 0# - LANGUAGE CODE
Language code of text/sound track or separate title spa
082 0# - DEWEY DECIMAL CLASSIFICATION NUMBER
Classification number 378.125094
Item number BEN
100 1# - MAIN ENTRY--PERSONAL NAME
Personal name Benito, Águeda,
Relator term coordinadora
245 10 - TITLE STATEMENT
Title Nuevas claves para la docencia universitaria en el espacio europeo de educación superior /
Statement of responsibility, etc. Águeda Benito, Ana Cruz (coordinadoras), Magdalena Bonsón, Carlos Enguita y otro autor más.
250 ## - EDITION STATEMENT
Edition statement Tercera edición
264 #1 - PRODUCTION, PUBLICATION, DISTRIBUTION, MANUFACTURE, AND COPYRIGHT NOTICE
Place of production, publication, distribution, manufacture España :
Name of producer, publisher, distributor, manufacturer Narcea,
Date of production, publication, distribution, manufacture, or copyright notice 2011
300 ## - PHYSICAL DESCRIPTION
Extent 185 páginas ;
Dimensions 23 cm.
336 ## - CONTENT TYPE
Content type term texto
Source rdacontent
337 ## - MEDIA TYPE
Media type term sin mediación
Source rdamedia
338 ## - CARRIER TYPE
Carrier type term volumen
Source rdacarrier
490 0# - SERIES STATEMENT
Series statement Universitaria
Volume/sequential designation 25
650 #4 - SUBJECT ADDED ENTRY--TOPICAL TERM
Topical term or geographic name entry element Educación
General subdivision Aprendizaje
Geographic subdivision Europa
650 #4 - SUBJECT ADDED ENTRY--TOPICAL TERM
Topical term or geographic name entry element Educación tecnológica
700 1# - ADDED ENTRY--PERSONAL NAME
Personal name Cruz, Ana,
Relator term coordinadora
Existencias
Withdrawn status Lost status Source of classification or shelving scheme Damaged status Not for loan Collection code Home library Current library Shelving location Date acquired Source of acquisition Inventory number Total Checkouts Full call number Barcode Date last seen Date last checked out Price effective from Koha item type
    Dewey Decimal Classification     General Biblioteca Karol Wojtyla Biblioteca Karol Wojtyla Sala general 03/12/2013 Compra 151000000000000000040298 3 378.125094 BEN 82133 05/01/2026 01/11/2023 03/12/2013 Libro
    Dewey Decimal Classification     General Biblioteca Karol Wojtyla Biblioteca Karol Wojtyla Sala general 05/09/2016 Compra 151000000000000000040299   378.125094 BEN 2011 96252 05/01/2026   14/09/2016 Libro